00850nam a22002297a 4500003000900000005001700009007000300026008004100029040002500070041000800095082002500103100002400128245009200152260004500244300003300289650004500322651006800367700002600435942001400461952012800475999001700603DO-SdBNP20220819171804.0ta220819b1982 |||oa||| |||| 00| 0 eng d aDO-SdBNPbengcBNPHU heng 222a917. 293 bG878s10aGross, Anne 98220410aSettling in a practical guide to Living in Santo Domingo / cAnne Gross, Gwen Merrill  aSanto Domingo :bAmigo del Hogar,c1982. a183 p. :bil., fot.; c21 cm40980228aGuías zRepública Dominicana 4 aRepública Dominicana xDescripciones y viajesxGuías9822071 aMerrill, Gwen.982206 2ddccLBS1 00102ddc51708PDaBNPHUbBNPHUcCTd2022-08-19eDonadooBNPHU PD 917.293 G878sp2022-3718r2022-08-19w2022-08-19yLBS1 c52292d52292